000 00338nam a22001577a 4500
003 SGT
020 _a9789386896452
082 _a615
_bP20M
100 _aMASIH, SHABNAM
245 _aPHARMACOLOGY FOR NURSES
250 _a5TH
260 _aINDIA
_bLOTUS PUB
_c2020
300 _a336
650 _aPHARMACOLOGY
942 _2ddc
_cBK
_0177
999 _c21954
_d21954